Формирование имиджа промышленных предприятий Сибири; Актуальные проблемы гуманитарных наук

Xehetasun bibliografikoak
Parent link:Актуальные проблемы гуманитарных наук.— 2013.— [С. 18-20]
Egile nagusia: Кияметдинова Н. И.
Gaia:Заглавие с экрана
Hizkuntza:errusiera
Argitaratua: 2013
Saila:Связи с общественностью и реклама
Gaiak:
Sarrera elektronikoa:http://www.lib.tpu.ru/fulltext/c/2013/C20/009.pdf
Formatua: Baliabide elektronikoa Liburu kapitulua
KOHA link:https://koha.lib.tpu.ru/cgi-bin/koha/opac-detail.pl?biblionumber=239553

MARC

LEADER 00000naa2a2200000 4500
001 239553
005 20251208105951.0
035 |a (RuTPU)RU\TPU\book\260773 
035 |a RU\TPU\book\260772 
090 |a 239553 
100 |a 20130610d2013 k y0rusy50 ca 
101 0 |a rus 
102 |a RU 
135 |a drcn ---uucaa 
181 0 |a i  
182 0 |a b 
200 1 |a Формирование имиджа промышленных предприятий Сибири  |f Н. И. Кияметдинова 
203 |a Текст  |c электронный 
215 |a 1 файл(412 Кб) 
225 1 |a Связи с общественностью и реклама 
300 |a Заглавие с экрана 
320 |a [Библиогр.: с. 20 (4 назв.)] 
337 |a Adobe Reader 
463 1 |0 (RuTPU)RU\TPU\book\259431  |t Актуальные проблемы гуманитарных наук  |o сборник научных трудов ХII Международной научно-практической конференции студентов, аспирантов и молодых ученых 3-6 апреля 2013 г., г. Томск  |f Национальный исследовательский Томский политехнический университет (ТПУ)  |v [С. 18-20]  |d 2013 
610 1 |a электронный ресурс 
610 1 |a труды учёных ТПУ 
610 1 |a формирование 
610 1 |a имидж 
610 1 |a промышленные предприятия 
610 1 |a Сибирь 
700 1 |a Кияметдинова  |b Н. И. 
801 1 |a RU  |b 63413507  |c 20101016 
801 2 |a RU  |b 63413507  |c 20130610  |g RCR 
856 4 |u http://www.lib.tpu.ru/fulltext/c/2013/C20/009.pdf 
942 |c CF